000 00280nam a2200097Ia 4500
082 _a658.8|INTR
245 0 _aIntroduction to marketing
100 _a Strydom, Johan Cape Town, South Africa, 2011 4th ed
_942863
942 _cBK
008 210817s9999 xx 000 0 und d
999 _c215904
_d215903